Теоретико-методологічні та методико-дидактичні проблеми джерелознавства історії України XVII–XVIII ст. в працях М.П. Ковальського (Запис № 576275)

МАРК-запис
000 -Лідер
fixed length control field 00887naa a2200217 4500
001 - Контрольний номер
control field 2162214035924863
003 - Ідентифікатор контрольного номера
control field UA-OsUOA
005 - Дата та час останнього входження (трансакції)
control field 20240419121532.0
008 - Елементи даних фіксованої довжини – загальна інформація
fixed length control field 240419b un ||||| |||| 00| 0 ukr d
040 ## - Джерело каталогізації
Агенція оригінальної каталогізації UA-OsUOA
Мова каталогізації ukr
Агенція, яка здійснювала перезапис UA-OsUOA
Агенція, яка здійснювала модифікацію UA-OsUOA
041 ## - Код мови
Код мови тексту/ звукової доріжки чи окремого заголовка (П) ukr
080 ## - Індекс Універсальної десяткової класифікації
Індекс Універсальної десяткової класифікації (УДК) (НП) 908
090 ## - Локальний шифр розміщення
Класифікаційний індекс УДК 908
100 ## - Основне введення – ім’я особи
Ім’я особи (НП) Воронов В.
9 (RLIN) 2515
245 ## - Відомості про назву
Назва (НП) Теоретико-методологічні та методико-дидактичні проблеми джерелознавства історії України XVII–XVIII ст. в працях М.П. Ковальського
Дані про відповідальність (НП) Віктор Воронов, Юрій Святець
300 ## - Фізичний опис
Обсяг С. 49–67
650 ## - Додаткове предметне введення – тематичний термін
Джерело заголовка чи терміна UDC
700 1# - Додаткове введення – ім'я особи
Ім’я особи (НП) Святець Ю.
9 (RLIN) 2495
773 0# - Введення хост-одиниці (П)
Бібліонома 364501
Host Itemnumber 328251
Місце, видавець та дата видання (НП) Нью-Йорк 1999
Інший ідентифікатор одиниці опису 91190
Назва (НП) Осягнення історії
Контрольний номер запису (П) (UA-OsUOA) 78191
Міжнародний стандартний книжковий номер (ISBN) 966-95166-7-6
942 ## - Додаткові елементи входу (Коха)
Source of classification or shelving scheme Universal Decimal Classification
Тип елемента Koha Складова частина документа

Немає доступних примірників.